00847 2200277 4500001002100000005001500021035002000036007000300056008004500059020002200104082001100126084002000137100001700157245006600174300006000240440001700300700003200317520004800349600003000397264003600427336002100463337003000484338002300514990001600537990001600553INLIS00000000116488620241002025149 a0010-1024000031ta241002 b 0 Ind-eng  a978-979-26-9377-5 a2X1.22 aSR 2X1.22 ARI s0 aArif Hidayah1 aStory of hudhud /cArif Hidayah ; penerjemah, Adinda Presanti a6 halaman tidak bernomor :bIlustrasi berwarna ;c13 cm aWow, amazing0 aAdinda Presantiepenerjemah aBerisi cerita burung hud-hud dalam al Quran 4aAl Quran -- Cerita-cerita aBandung :bPelangi Mizan,c2022 2rdacontentateks 2rdamediaatanpa perantara 2rdacarrieravolume a55106.67926 a55107.67927